Statistics for Super Troopers Trivia

Click here to take the quiz!

General Stats

  • This quiz has been taken 90 times
  • The average score is 11 of 34

Answer Stats

HintAnswer% Correct
State TrooperRodney "Rod" Farva
88%
State Trooper LieutenantLieutenant Arcot "Thorny" Ramathorn
69%
State TrooperRobert "Rabbit" Roto
67%
What word is said to Larry Johnson 10 times?Meow
67%
What does Thorny offer the Germans visiting his house?A mustache ride
61%
What does it stink like inside the Bunty Soap truck?Sex
53%
What's the name of the restaurant with the mozzerella sticks and the goofy stuff on the walls?Shenanigans
51%
Where were they headed?Canada
49%
State TrooperMacIntyre "Mac" Womack
49%
Why did the college kids get pulled over going 63 in a 65?Littering annndddd...
47%
Who invented the bullet proof cup gag?Captain O'hagan
43%
In his day who got naked?The rookie
41%
What should you do if you're already pulled over?Pull over farther
41%
What kind of magic only works on the rookie?Brown Magic
41%
State Trooper CaptainCaptain John O'Hagan
35%
What is the cartoon the troopers watch?Johnny Chimpo
35%
State TrooperJeff Foster
33%
And smokin the reefer
31%
Local Cop CaptainCaptain Bruce Grady
31%
For what?French fries and gravy
27%
Don't forget to cup the balls
24%
Local CopUrsula Hanson
22%
Name of the townSpurbury, Vermont
14%
What two things does Rabbit need to do to chug better?Relax the Throat
10%
What about that little guy?I wouldn't worry about that little guy
10%
What does Farva order at the open bar?six schlitzes
10%
What's the name of the burger place?Dimpus Burger
8%
How much money does college boy 3 owe college boy 2?130 buck, whenever you get the chance
8%
Local CopJim Rando
8%
Local CopSam Smy
8%
Why is Farva deloused with powdered sugar?The lice hate the sugar
6%
What is in order (as punishment) with the German Porsche couple?Spanking and cuffing
4%
What does the local captain order in the diner?Two tacos with no guacamoles
4%
Local CopJack Burton
0%

Score Distribution

Percentile by Number Answered

Percent of People with Each Score

Your Score History

You have not taken this quiz